00673cam a2200205 a 450000100100000000500170001000800410002704000250006808200170009310000360011024500590014624600240020526000400022930000210026950000490029050400350033965000220037465000470039674000240044300000960320200929161635.0850501s1977 mx 001 j spa  aDO-SdBNPbspadBNPHU a843.8bA516c1 aAmicis, Edmundo de,d1846-1908.10aCorazón ;bdiario de un niño /cEdmundo de Amicis.13aDiario de un niño aMéxico :bEditorial Diana,c1977. a301 p. ;c20 cm. a13a impresión de la primera edición,1977 aIncluye índice p. (299-301). 4aCuentos franceses 4aCuentos francesesxColecciones de escritos04aDiario de un niño